<?xml version="1.0" encoding="UTF-8"?>
<record
    xmlns:xsi="http://www.w3.org/2001/XMLSchema-instance"
    xsi:schemaLocation="http://www.loc.gov/MARC21/slim http://www.loc.gov/standards/marcxml/schema/MARC21slim.xsd"
    xmlns="http://www.loc.gov/MARC21/slim">

  <leader>02039    a2200253   4500</leader>
  <controlfield tag="001">2162214035926813</controlfield>
  <controlfield tag="003">UA-OsUOA</controlfield>
  <controlfield tag="005">20260511133424.0</controlfield>
  <controlfield tag="008">260511b        un ||||| |||| 00| 0 ukr d</controlfield>
  <datafield tag="020" ind1=" " ind2=" ">
    <subfield code="a">9789666213948</subfield>
  </datafield>
  <datafield tag="040" ind1=" " ind2=" ">
    <subfield code="a">UA-OsUOA</subfield>
    <subfield code="b">ukr</subfield>
    <subfield code="c">UA-OsUOA</subfield>
    <subfield code="d">UA-OsUOA</subfield>
  </datafield>
  <datafield tag="041" ind1=" " ind2=" ">
    <subfield code="a">ukr</subfield>
  </datafield>
  <datafield tag="080" ind1=" " ind2=" ">
    <subfield code="a">130.122:159.922</subfield>
  </datafield>
  <datafield tag="090" ind1=" " ind2=" ">
    <subfield code="a">130.122:159.922</subfield>
    <subfield code="b">&#x421;53</subfield>
  </datafield>
  <datafield tag="100" ind1=" " ind2=" ">
    <subfield code="a">&#x421;&#x43D;&#x456;&#x436;&#x43A;&#x43E; &#x412;.</subfield>
    <subfield code="9">25209</subfield>
  </datafield>
  <datafield tag="245" ind1=" " ind2=" ">
    <subfield code="a">&#x421;&#x432;&#x456;&#x434;&#x43E;&#x43C;&#x43E;&#x441;&#x442;&#x456; &#x411;&#x440;&#x430;&#x43C;&#x430;</subfield>
    <subfield code="b">&#x43F;&#x440;&#x438;&#x440;&#x43E;&#x434;&#x43D;&#x438;&#x447;&#x43E;-&#x443;&#x43A;&#x440;&#x430;&#x457;&#x43D;&#x43E;&#x437;&#x43D;&#x430;&#x432;&#x447;&#x430; &#x43C;&#x43E;&#x43D;&#x43E;&#x433;&#x440;&#x430;&#x444;&#x456;&#x44F;</subfield>
  </datafield>
  <datafield tag="260" ind1=" " ind2=" ">
    <subfield code="a">&#x41A;&#x438;&#x457;&#x432;</subfield>
    <subfield code="b">&#x41F;&#x43B;&#x430;&#x43D;&#x435;&#x442;&#x430;-&#x41C;&#x435;&#x434;&#x456;&#x430;</subfield>
    <subfield code="c">2008</subfield>
  </datafield>
  <datafield tag="300" ind1=" " ind2=" ">
    <subfield code="a">352 &#x441;.</subfield>
  </datafield>
  <datafield tag="520" ind1=" " ind2=" ">
    <subfield code="a">&#x426;&#x435; &#x43E;&#x434;&#x43D;&#x430; &#x437; &#x434;&#x432;&#x43E;&#x445; &#x43A;&#x43D;&#x438;&#x433; ("&#x421;&#x432;&#x456;&#x434;&#x43E;&#x43C;&#x43E;&#x441;&#x442;&#x456; &#x411;&#x440;&#x430;&#x43C;&#x430;" &#x442;&#x430; "&#x41D;&#x430;&#x432;&#x447;&#x430;&#x43D;&#x43D;&#x44F; &#x432; &#x43A;&#x440;&#x430;&#x441;&#x456;"), &#x44F;&#x43A;&#x456; &#x441;&#x43A;&#x43B;&#x430;&#x434;&#x430;&#x44E;&#x442;&#x44C; &#x440;&#x430;&#x437;&#x43E;&#x43C; &#x441;&#x43F;&#x456;&#x43B;&#x44C;&#x43D;&#x443; &#x442;&#x435;&#x43C;&#x443;, &#x43F;&#x440;&#x438;&#x441;&#x432;&#x44F;&#x447;&#x435;&#x43D;&#x443; &#x434;&#x443;&#x445;&#x43E;&#x432;&#x43D;&#x43E;&#x441;&#x442;&#x456; &#x44F;&#x43A; &#x43E;&#x434;&#x43D;&#x456;&#x439; &#x437; &#x43D;&#x430;&#x439;&#x445;&#x430;&#x440;&#x430;&#x43A;&#x442;&#x435;&#x440;&#x43D;&#x456;&#x448;&#x438;&#x445; &#x43E;&#x437;&#x43D;&#x430;&#x43A;, &#x449;&#x43E; &#x454; &#x43F;&#x440;&#x438;&#x43D;&#x430;&#x43B;&#x435;&#x436;&#x43D;&#x43E;&#x44E; &#x432;&#x438;&#x43D;&#x44F;&#x442;&#x43A;&#x43E;&#x432;&#x43E; &#x43B;&#x44E;&#x434;&#x438;&#x43D;&#x456;. &#x422;&#x435;&#x43C;&#x430; &#x454; &#x437;&#x430;&#x433;&#x430;&#x43B;&#x43E;&#x43C; &#x43E;&#x441;&#x43C;&#x438;&#x441;&#x43B;&#x435;&#x43D;&#x438;&#x43C; &#x43F;&#x440;&#x43E;&#x434;&#x43E;&#x432;&#x436;&#x435;&#x43D;&#x43D;&#x44F;&#x43C; &#x43F;&#x43E;&#x43F;&#x435;&#x440;&#x435;&#x434;&#x43D;&#x456;&#x445; &#x440;&#x43E;&#x431;&#x456;&#x442; &#x437; &#x43F;&#x441;&#x438;&#x445;&#x43E;&#x435;&#x442;&#x43D;&#x456;&#x447;&#x43D;&#x43E;&#x457; &#x435;&#x43A;&#x43E;&#x43B;&#x43E;&#x433;&#x456;&#x457;. &#x421;&#x430;&#x43C;&#x435; &#x434;&#x443;&#x445;&#x43E;&#x432;&#x43D;&#x456;&#x441;&#x442;&#x44C;, &#x44F;&#x43A; &#x432;&#x438;&#x437;&#x43D;&#x430;&#x447;&#x430;&#x43B;&#x44C;&#x43D;&#x430; &#x43E;&#x437;&#x43D;&#x430;&#x43A;&#x430; &#x444;&#x435;&#x43D;&#x43E;&#x43C;&#x435;&#x43D;&#x443; &#x43B;&#x44E;&#x434;&#x438;&#x43D;&#x438;, &#x43F;&#x43E;&#x441;&#x43F;&#x440;&#x438;&#x44F;&#x43B;&#x430; &#x432;&#x438;&#x43D;&#x438;&#x43A;&#x43D;&#x435;&#x43D;&#x43D;&#x44E; &#x43E;&#x440;&#x438;&#x433;&#x456;&#x43D;&#x430;&#x43B;&#x44C;&#x43D;&#x43E;&#x457; &#x434;&#x456;&#x457; &#x43B;&#x44E;&#x434;&#x441;&#x442;&#x432;&#x430; - &#x442;&#x432;&#x43E;&#x440;&#x447;&#x43E;&#x441;&#x442;&#x456;. &#x421;&#x43F;&#x43E;&#x447;&#x430;&#x442;&#x43A;&#x443; &#x446;&#x435; &#x431;&#x443;&#x43B;&#x430; &#x442;&#x432;&#x43E;&#x440;&#x447;&#x456;&#x441;&#x442;&#x44C; &#x44F;&#x43A; &#x43F;&#x440;&#x438;&#x441;&#x442;&#x43E;&#x441;&#x443;&#x432;&#x430;&#x43D;&#x43D;&#x44F; &#x434;&#x43E; &#x43F;&#x440;&#x438;&#x440;&#x43E;&#x434;&#x43D;&#x43E;&#x433;&#x43E; &#x434;&#x43E;&#x432;&#x43A;&#x456;&#x43B;&#x43B;&#x44F;, &#x437;&#x433;&#x43E;&#x434;&#x43E;&#x43C; &#x432;&#x43E;&#x43D;&#x430; &#x43F;&#x435;&#x440;&#x435;&#x442;&#x432;&#x43E;&#x440;&#x438;&#x43B;&#x430;&#x441;&#x44F; &#x443; &#x43F;&#x440;&#x43E;&#x442;&#x438;&#x441;&#x442;&#x430;&#x432;&#x43B;&#x435;&#x43D;&#x43D;&#x44F; &#x43B;&#x44E;&#x434;&#x438;&#x43D;&#x438; &#x43F;&#x440;&#x438;&#x440;&#x43E;&#x434;&#x43D;&#x43E;&#x43C;&#x443; &#x434;&#x43E;&#x432;&#x43A;&#x456;&#x43B;&#x43B;&#x44E;, &#x43D;&#x438;&#x43D;&#x456; - &#x446;&#x435; &#x441;&#x43E;-&#x442;&#x432;&#x43E;&#x440;&#x435;&#x43D;&#x43D;&#x44F; - &#x441;&#x43F;&#x456;&#x43B;&#x44C;&#x43D;&#x430; &#x43F;&#x440;&#x43E;&#x434;&#x443;&#x43C;&#x430;&#x43D;&#x430; &#x434;&#x456;&#x44F;&#x43B;&#x44C;&#x43D;&#x456;&#x441;&#x442;&#x44C; &#x41B;&#x44E;&#x434;&#x441;&#x442;&#x432;&#x430; &#x456;&#x437; &#x41F;&#x440;&#x438;&#x440;&#x43E;&#x434;&#x43E;&#x44E;, &#x441;&#x43F;&#x43E;&#x432;&#x43D;&#x435;&#x43D;&#x430; &#x433;&#x443;&#x43C;&#x430;&#x43D;&#x456;&#x441;&#x442;&#x438;&#x447;&#x43D;&#x43E;&#x457; &#x434;&#x443;&#x445;&#x43E;&#x432;&#x43D;&#x43E;&#x441;&#x442;&#x456;.</subfield>
  </datafield>
  <datafield tag="650" ind1=" " ind2=" ">
    <subfield code="a">13 &#x424;&#x456;&#x43B;&#x43E;&#x441;&#x43E;&#x444;&#x456;&#x44F; &#x440;&#x43E;&#x437;&#x443;&#x43C;&#x443; &#x456; &#x434;&#x443;&#x445;&#x443;. &#x41C;&#x435;&#x442;&#x430;&#x444;&#x456;&#x437;&#x438;&#x43A;&#x430; &#x434;&#x443;&#x445;&#x43E;&#x432;&#x43D;&#x43E;&#x433;&#x43E; &#x436;&#x438;&#x442;&#x442;&#x44F;</subfield>
    <subfield code="9">18599</subfield>
  </datafield>
  <datafield tag="942" ind1=" " ind2=" ">
    <subfield code="c">BK</subfield>
    <subfield code="2">udc</subfield>
  </datafield>
  <datafield tag="955" ind1=" " ind2=" ">
    <subfield code="a">1</subfield>
  </datafield>
  <datafield tag="999" ind1=" " ind2=" ">
    <subfield code="c">580690</subfield>
    <subfield code="d">580690</subfield>
  </datafield>
  <datafield tag="952" ind1=" " ind2=" ">
    <subfield code="0">0</subfield>
    <subfield code="1">0</subfield>
    <subfield code="2">udc</subfield>
    <subfield code="4">0</subfield>
    <subfield code="7">0</subfield>
    <subfield code="8">C_Shevchuk_V.</subfield>
    <subfield code="a">101</subfield>
    <subfield code="b">101</subfield>
    <subfield code="d">2026-05-11</subfield>
    <subfield code="e">&#x410;&#x43A;&#x442; &#x2116;24/28.04.2026</subfield>
    <subfield code="g">25.00</subfield>
    <subfield code="i">169923</subfield>
    <subfield code="l">0</subfield>
    <subfield code="o">130.122:159.922 &#x421;53</subfield>
    <subfield code="p">169923</subfield>
    <subfield code="r">2026-05-11 11:35:30</subfield>
    <subfield code="v">25.00</subfield>
    <subfield code="w">2026-05-11</subfield>
    <subfield code="y">BK</subfield>
    <subfield code="z">&#x417; &#x430;&#x432;&#x442;&#x43E;&#x433;&#x440;&#x430;&#x444;&#x43E;&#x43C; &#x430;&#x432;&#x442;&#x43E;&#x440;&#x430;</subfield>
  </datafield>
</record>
